000 00707nam a2200241Ia 4500
003 OSt
005 20220918222452.0
006 a|||||r|||| 00| 0
007 ta
008 220917b |||||||| |||| 00| 0 eng d
024 _a216,990
037 _cTextual
040 _aARTS
_cARTS
_beng
041 _2eng
_aeng
082 _aO111,1L57x:g, M7
100 _aBlake William
245 0 _aAn island in the moon
_b introduced by Michael Phillips with a preface by Haven O'More
260 _aEngland
_bCambridge University Press
_c1987
300 _avii, 110p
_ccm.
650 _aENGLISH LITERATURE
942 _hO111,1L57x:g, M7
_cTEXL
_2CC
999 _c275615
_d275615